|
|
|
|
| LEADER |
00000nas a2200000 a 4500 |
| 005 |
20111124105455.0 |
| 007 |
cr|||| |||| |
| 008 |
810202c19589999sp || ||| |||o0 ||spa|c |
| 022 |
|
|
|a 0012-4494
|
| 035 |
|
|
|a 6049
|
| 035 |
|
|
|a 12498
|
| 040 |
|
|
|d vLex
|
| 080 |
|
|
|a 342(05)
|
| 080 |
|
|
|a 35
|
| 090 |
|
|
|c 2788
|d 2788
|
| 222 |
|
0 |
|a Documentacin̤ administrativa
|
| 245 |
0 |
0 |
|a Documentacin̤ administrativa
|h [Recurso electrn̤ico]
|
| 246 |
3 |
|
|a DA
|
| 256 |
|
|
|a Servicio en ln̕ea
|
| 260 |
|
|
|a Madrid :
|b Secretara̕ General Tčnica de la Presidencia del Gobierno. Gabinete Tčnico para la Reforma Administrativa,
|c 1958-
|
| 300 |
|
|
|a 1 recurso electrn̤ico
|
| 310 |
|
|
|a 2 nm︢s. al aǫ
|b [1995-]
|
| 321 |
|
|
|a Mensual,
|b 1958-1967
|
| 321 |
|
|
|a Bimestral,
|b 1968-1975
|
| 321 |
|
|
|a Trimestral,
|b 1976-1982
|
| 321 |
|
|
|a 3 nm︢s.al aǫ
|b 1983-
|
| 362 |
0 |
|
|a No. 1 (ene. 1958)-
|
| 500 |
|
|
|a Tt̕ulo acrn̤imo: DA
|
| 500 |
|
|
|a Publicada por: Presidencia del Gobierno. Secretara̕ General Tčnica, 197?-1986; i per: Instituto Nacional de Administracin̤ Pb︢lica, 1982-
|
| 500 |
|
|
|a A partir de 2014 la revista cambia de numeracin̤, los nuevos nm︢eros se pueden encontrar en la fuente 12498.
|
| 506 |
1 |
|
|a Contenido solo disponible en los productos indicados
|d vLex Global
|d vLex Global (Academic Edition, excluding Law Schools)
|d vLex Global (U.S. Academic Edition, Law Schools)
|d vLex Global (U.S. Academic Edition, excluding Law Schools)
|d vLex Global (Academic Edition, Law Schools)
|
| 510 |
0 |
|
|a Indexado por: CSIC
|
| 650 |
0 |
4 |
|a Administracin̤ pb︢lica
|x Revistas
|
| 650 |
0 |
4 |
|a Derecho administrativo
|x Revistas
|
| 650 |
0 |
4 |
|a Derecho constitucional
|x Revistas
|
| 650 |
0 |
4 |
|a Administracin̤ pb︢lica
|
| 650 |
0 |
4 |
|a Derecho administrativo
|z Espaą
|x Revistas
|
| 650 |
0 |
4 |
|a Administracin̤ pb︢lica
|z Espaą
|
| 650 |
0 |
4 |
|a Administracin̤ pb︢lica
|z Espaą
|x Revistas
|
| 710 |
2 |
|
|a Instituto Nacional de Administracin̤ Pb︢lica (Espaą)
|
| 740 |
0 |
|
|a vLex Libros (Servicio en ln̕ea)
|
| 856 |
4 |
0 |
|u http://vlex.com/source/documentacion-administrativa-revista-6049
|z Acceso restringido
|
| 856 |
4 |
0 |
|u http://vlex.com/source/documentacion-administrativa-12498
|z Acceso restringido
|
| 942 |
|
|
|c REV
|